[Event "Almansa U2000 op 7th"]
[Site "Almansa"]
[Date "2012.08.09"]
[Round "4"]
[White "Perez Garcia, Jose Miguel"]
[Black "Montiel Miguelez, Manuel"]
[Result "1/2-1/2"]
[WhiteElo "1967"]
[BlackElo "1896"]
[PlyCount "43"]
[EventDate "2012.08.07"]
[EventType "swiss"]
[EventRounds "9"]
[EventCountry "ESP"]
[SourceTitle "EXT 2024"]
[Source "ChessBase"]
[SourceDate "2023.10.10"]
[SourceVersion "1"]
[SourceVersionDate "2023.10.10"]
[SourceQuality "1"]

1. d4 Nf6 2. Nf3 e6 3. g3 d5 4. Bg2 Be7 5. 0-0 b6 6. c4 Bb7 7. Ne5 0-0 8. Nc3 Nbd7 9. Qa4 Nxe5 10. dxe5 Nd7 11. cxd5 Nxe5 12. Rd1 Qc8 13. dxe6 fxe6 14. Bxb7 Qxb7 15. Qe4 Qxe4 16. Nxe4 Rad8 17. Bf4 Bf6 18. Nxf6+ gxf6 19. Rac1 c5 20. Bxe5 fxe5 21. Kf1 Rd5 22. e3 1/2-1/2

[Event "San Sebastian de los Reyes op 13th"]
[Site "San Sebastian"]
[Date "2011.12.06"]
[Round "5"]
[White "Montiel Miguelez, Manuel"]
[Black "Martinez Cepedano, Roberto"]
[Result "0-1"]
[WhiteElo "1934"]
[BlackElo "1683"]
[PlyCount "78"]
[EventDate "2011.12.02"]
[EventType "swiss"]
[EventRounds "9"]
[EventCountry "ESP"]
[SourceTitle "CBM 145 Extra"]
[Source "ChessBase"]
[SourceDate "2012.01.03"]
[SourceVersion "1"]
[SourceVersionDate "2012.01.03"]
[SourceQuality "1"]

1. e4 c5 2. Nf3 d6 3. d4 cxd4 4. Nxd4 Nf6 5. Nc3 g6 6. Be2 Bg7 7. Bg5 Nc6 8. Nb3 Be6 9. 0-0 0-0 10. Kh1 h6 11. Bh4 g5 12. Bg3 d5 13. exd5 Nxd5 14. Nxd5 Bxd5 15. c3 f5 16. f4 g4 17. Qe1 Qe8 18. Rd1 Qf7 19. Rf2 Rad8 20. Nc5 b6 21. Nd3 Bxa2 22. Ne5 Nxe5 23. fxe5 Rxd1 24. Qxd1 Qd5 25. Qa4 Bb3 26. c4 Qxg2+ 27. Kxg2 Bxa4 28. Bd3 e6 29. b4 Rd8 30. Bf1 Bc6+ 31. Kg1 a5 32. bxa5 bxa5 33. Ra2 a4 34. Kf2 Bf8 35. Bh4 Rd7 36. Bg2 Bxg2 37. Kxg2 a3 38. Bf2 Rb7 39. c5 Bxc5 0-1

[Event "Andorra op 29th"]
[Site "Arinsal"]
[Date "2011.07.16"]
[Round "1"]
[White "Montiel Miguelez, Manuel"]
[Black "Ibarra Jerez, Jose Carlos"]
[Result "0-1"]
[WhiteElo "1937"]
[BlackElo "2530"]
[PlyCount "48"]
[EventDate "2011.07.16"]
[EventType "swiss"]
[EventRounds "9"]
[EventCountry "AND"]
[SourceTitle "CBM 143 Extra"]
[Source "ChessBase"]
[SourceDate "2011.08.29"]
[SourceVersion "1"]
[SourceVersionDate "2011.08.29"]
[SourceQuality "1"]

1. e4 c5 2. Nf3 d6 3. d4 cxd4 4. Nxd4 Nf6 5. Nc3 a6 6. Be2 e6 7. 0-0 b5 8. f4 b4 9. e5 Nfd7 10. Bf3 Ra7 11. Be3 bxc3 12. Nxe6 fxe6 13. Bxa7 dxe5 14. Qd3 Qc7 15. Bxb8 Qxb8 16. Bh5+ g6 17. Bxg6+ hxg6 18. Qxg6+ Kd8 19. bxc3 exf4 20. Rad1 Bc5+ 21. Kh1 Qe5 22. h3 Rxh3+ 23. gxh3 Bb7+ 24. Kh2 Qe2+ 0-1

[Event "Benidorm op U2000 08th"]
[Site "Benidorm"]
[Date "2009.12.01"]
[Round "4"]
[White "Radu, Andrei"]
[Black "Montiel Miguelez, Manuel"]
[Result "1/2-1/2"]
[WhiteElo "1940"]
[BlackElo "1970"]
[PlyCount "46"]
[EventDate "2009.11.28"]
[EventType "swiss"]
[EventRounds "10"]
[EventCountry "ESP"]
[SourceTitle "CBM 133 Extra"]
[Source "ChessBase"]
[SourceDate "2010.01.05"]
[SourceVersion "1"]
[SourceVersionDate "2010.01.05"]
[SourceQuality "1"]

1. d4 Nf6 2. c4 e6 3. a3 b6 4. Nc3 Bb7 5. Bg5 Be7 6. Nf3 0-0 7. e3 d5 8. Rc1 dxc4 9. Bxc4 Nbd7 10. 0-0 c5 11. d5 Nxd5 12. Bxd5 Bxd5 13. Nxd5 Bxg5 14. Nxg5 Qxg5 15. Nc3 Rfd8 16. Qa4 Nf6 17. Rcd1 Nd5 18. Nxd5 exd5 19. Rd3 Rd6 20. Rfd1 h5 21. h4 Qd8 22. Qf4 Qd7 23. Qe5 Qg4 1/2-1/2

[Event "Collado Villalba op-A 21st"]
[Site "Collado Villalba"]
[Date "2004.08.23"]
[Round "1"]
[White "Suba, Mihai"]
[Black "Montiel Miguelez, Manuel"]
[Result "1-0"]
[WhiteElo "2503"]
[BlackElo "2037"]
[PlyCount "43"]
[EventDate "2004.08.23"]
[EventType "swiss"]
[EventRounds "9"]
[EventCountry "ESP"]
[SourceTitle "EXT 2006"]
[Source "ChessBase"]
[SourceDate "2005.11.24"]
[SourceVersion "1"]
[SourceVersionDate "2005.11.24"]
[SourceQuality "1"]

1. Nf3 Nf6 2. c4 e6 3. g3 c5 4. Bg2 Nc6 5. 0-0 Be7 6. d4 d5 7. cxd5 exd5 8. Nc3 0-0 9. Bg5 Ne4 10. Bxe7 Nxe7 11. dxc5 Nxc5 12. Rc1 b6 13. Ng5 Bb7 14. Qc2 Ng6 15. Qf5 h6 16. Nxf7 Ne7 17. Nxd8 Rxf5 18. Nxb7 Nxb7 19. Rfd1 Rd8 20. e4 dxe4 21. Bxe4 Rxd1+ 22. Rxd1 1-0

[Event "Colmenar Viejo op 17th"]
[Site "Madrid"]
[Date "2002.08.08"]
[Round "7"]
[White "Ortega Morales, Pedro"]
[Black "Montiel Miguelez, Manuel"]
[Result "1/2-1/2"]
[WhiteElo "2013"]
[BlackElo "2081"]
[PlyCount "101"]
[EventDate "2002.08.02"]
[EventType "swiss"]
[EventRounds "9"]
[EventCountry "ESP"]
[SourceTitle "CBM 089 Extra"]
[Source "ChessBase"]
[SourceDate "2002.09.10"]
[SourceVersion "2"]
[SourceVersionDate "2002.09.10"]
[SourceQuality "1"]

1. d4 d5 2. Nf3 Nf6 3. Bg5 Ne4 4. Bf4 Nd7 5. e3 e6 6. Nbd2 Ndf6 7. Bd3 Be7 8. 0-0 0-0 9. Ne5 c5 10. c3 Bd7 11. f3 Nxd2 12. Qxd2 Qe8 13. Nxd7 Qxd7 14. e4 cxd4 15. cxd4 dxe4 16. Bxe4 Nxe4 17. fxe4 Rfd8 18. Rfd1 Rac8 19. Rac1 Qa4 20. Rxc8 Rxc8 21. b3 Qd7 22. Be3 Rd8 23. Rc1 Ba3 24. Rc2 Rc8 25. Rxc8+ Qxc8 26. Kf2 b6 27. Qd3 h6 28. Qc4 Qd8 29. g3 Qf6+ 30. Kg2 Qg6 31. d5 exd5 32. exd5 Qb1 33. Qe2 Qe4+ 34. Qf3 Qc2+ 35. Qf2 Qe4+ 36. Qf3 Qd3 37. Bf4 Qxf3+ 38. Kxf3 Kf8 39. Bb8 a6 40. Be5 g6 41. g4 Bc1 42. a4 Ke7 43. Ke4 Kd7 44. Bd4 b5 45. axb5 axb5 46. Bc3 Bg5 47. Bg7 Bc1 48. h4 h5 49. gxh5 f5+ 50. Kf3 gxh5 51. Be5 1/2-1/2

[Event "Colmenar Viejo op 17th"]
[Site "Madrid"]
[Date "2002.08.04"]
[Round "3"]
[White "Longa Yauca, Javier"]
[Black "Montiel Miguelez, Manuel"]
[Result "1-0"]
[WhiteElo "2332"]
[BlackElo "2081"]
[PlyCount "67"]
[EventDate "2002.08.02"]
[EventType "swiss"]
[EventRounds "9"]
[EventCountry "ESP"]
[SourceTitle "CBM 089 Extra"]
[Source "ChessBase"]
[SourceDate "2002.09.10"]
[SourceVersion "2"]
[SourceVersionDate "2002.09.10"]
[SourceQuality "1"]

1. d4 d5 2. Nf3 c6 3. e3 Nf6 4. Bd3 e6 5. Nbd2 Nbd7 6. 0-0 Qc7 7. b3 Be7 8. c4 dxc4 9. Nxc4 b5 10. Nce5 Bb7 11. Bb2 0-0 12. Rc1 a6 13. Bb1 Rac8 14. Nxd7 Qxd7 15. Ne5 Qd5 16. Re1 c5 17. e4 Qd6 18. Nf3 Qb6 19. d5 exd5 20. exd5 Nxd5 21. Ne5 Rcd8 22. Qh5 Nf6 23. Qh4 h6 24. Ng4 Nxg4 25. Qxg4 Bf6 26. Qf5 g6 27. Qxf6 Qxf6 28. Bxf6 Rc8 29. Re7 Bd5 30. h4 Rc6 31. Bb2 c4 32. bxc4 bxc4 33. Bc3 Be6 34. Bxg6 1-0